000 00797nam a2200217Ia 4500
001 2949
003 GE_BSU
008 181216s||||||||xx |||||||||||||| ||und||
020 _a5724501791
040 _cGE_BSU
080 _a66.045
100 _aЛесохин,Е.И. Рашковский,П.В.
245 _aТеплообменники-кондесаторы в процессах химической технологии:Моделирование, расчет, управление.
245 _cРед. Ю.К.Кузнецов.
260 _aЛ.
260 _bХимия.
260 _c1990.
300 _a288 стр. с илл. 21см.
653 _aТеплообменники-кондесаторы в процессах химической технологии.
942 _cBK
999 _c36997
_d36997